Czyj to wers? #1 | Polski Rap - Statystyki

Ogólne statystyki
  • Ten quiz został rozwiązany 201 razy
  • Średni wynik to 4 z 32
Statystyki odpowiedzi
Hint Odpowiedź % Poprawnych
"Bogu dzięki wyszło “Nothing Was The Same” Drake’a" Taco Hemingway
40%
"Chyba mam już obsesję na punkcie broni, huku strzału" Zeus
38%
"Widzę szczyt, a za szczytem zaszczyt za zaszczytem" Fokus (Paktofonika)
32%
"W ch*j swobody, brak oporów, podłapały grę w napad mordy / Duży dystans, łapią klimat i wrzuca każdy fanty sam do torby" Sokół
28%
"Lubię świat bez make-up'u, akurat rzeźbię w glinie / Bez kaligrafów, a kto umarł, ten nie żyje" Quebonafide
22%
"Żaden swag, prosty tekst, bo nie kupisz charyzmy / Widzę jak chcesz, ale wiesz, wróć jak trochę poćwiczysz" Kękę
20%
"Ja się rozpędzam jak lokomotywa, jestem loco, motyw znasz?" Eripe
19%
"W szkole byłem Eddie’em Murphy’m / Z idolami twoich kumpli jestem na ty" Schafter
19%
"Jestem tam rano, gdy maluje swoją cerę / Do dziś nie czaję co poprawia w sobie jeszcze" Deys
17%
"Przestań tu zgrywać twardziela, #backup" Astek (Dwa Sławy)
16%
"Życie kiedyś tu nas kosztowało sporo walki / Ale w końcu jestem na językach jak logo Nike" Białas
15%
"To jest jakaś większa klika - Ludzi, co mnie nachodzą gdy cokolwiek czytam" Łona
15%
"Miałaś zbawić mnie nie zabić, zamieniony w szafran krokus" O.S.T.R.
13%
"Nie ma znaczenia kto komu zwiastuje porażkę, bo jutra nie było i nie ma" Kartky
11%
"Że za stary jest na dissy, lecz by chciał nam sprzedać liścia / Ty już byś chciał wszystko sprzedać, kur*a, handlarz medalista" Oxon
11%
"Matką, ojcem, dzieckiem, wszystkim w jednym / Byłaś mi potrzebna, bym czuł się" Vixen
10%
"Finiszuję na starcie, mówię o tym otwarcie / O tym mówię uparcie, mam wśród ludzi poparcie" donGURALesko
8%
"A tak na koniec to mam w sobie coś z Sokoła / ****** - jeszcze nie zgred już nie małolat" Gimper/Gimpson
7%
"Robię to do śmierci, choćby słuchał mnie tysiak / Lub do chwili, gdy będę jednym z tych których dissuję dzisiaj" Golin
7%
"Chyba w dupie ma Cię absztyfikant, tego chciałaś / Dlaczego dziś nie możesz spać?" Lordofon
6%
"Kiedy wreszcie płyta? / Jestem kotem na bitach / Gdzie Ziemi obiegów tu dycha zabiera mi życia" Igrekzet
4%
"Biblia kłamie, tak samo jak Koran i Tora / Kapłani zbierają armię terrorystów w kościołach" Małpa
4%
"Ja pierdo*ę tak naprawdę nie wiem co mnie karmi / Na pewno nie słońce, noce mam jak w Skandynawii" Sarius
4%
"Na imię miał gniew, od zawsze stał przy mnie jak pies" Bonson (Almost Famous)
3%
"Nie jeden myśli że jest Bogiem, nad tekstem się modli ciągle" Penx
3%
"Jak to, co trzymasz w rękach, to kebs / To masz właśnie to, czego bym chciał" Reto
3%
"Ostatni gasi światło, chyba padła kolej na mnie dziś / Znów zasnę o szóstej, oglądając jakiś dziwny film" Karian
2%
"Taka to metafora, że lasem jest życie / Przed lasem stoi lustro – takie to lustro, w nim odbicie" Kleszcz
2%
"Szofer, Boom Bap ma się dobrze, ale ch*j tam się nie spieram / Sam to rozkminisz jak kiedyś polecisz za ocean" PeeRZeT
2%
"To jedno, co mnie łączy z polityką – złe wybory" Bisz
1%
"Moje ex nie mogą stworzyć podstaw pod związek Nikt w polsce jak ja bo nie ma nikogo po mnie" Laikike1
1%
"Przysięgam, że się zmieniłem, ale mam te zmiany powrotne jak hokej" Ras (Rasmentalism)
1%
Nie znaleziono quizów pasujących do podanych kryteriów
Rozkład punktacji
Procent ludzi z każdym wynikiem
Percentyl według liczby udzielonych odpowiedzi
Twoja historia wyników
Nie rozwiązałeś tego quizu